The third world and the end the cold war /

Gespeichert in:
Bibliographische Detailangaben
1. Verfasser: Halliday, Fred
Format: Buch
Sprache:English
Tags: Tag hinzufügen
Keine Tags, Fügen Sie den ersten Tag hinzu!

MARC

LEADER 00000nam a22000007a 4500
003 cru CIDCACS/IIS
005 20171020154432.0
007 ta
008 171020t1995 -us|||||r|||| 00| 0 eng d
999 |c 40511  |d 40511 
040 |c cru CIDCACS/IIS 
100 1 |9 5743  |a Halliday, Fred 
245 1 4 |a The third world and the end the cold war /  |c Fred Halliday 
300 |a páginas 33-66:  |b tablas 
773 0 |0 40510  |9 1411  |a Stallings, Barbara  |d New York: Cambridge University Press, 1995  |o 17594  |t Global change, regional response:  |z 0521478065 
942 |2 ddc  |c LI